Normal view
MARC view
Entry Personal Name
001 - CONTROL NUMBER
- control field: 9186
003 - CONTROL NUMBER IDENTIFIER
- control field: OSt
005 - DATE AND TIME OF LATEST TRANSACTION
- control field: 20160601180125.0
008 - FIXED-LENGTH DATA ELEMENTS
- fixed length control field: 160601|| aca||aabn | a|a d
040 ## - CATALOGING SOURCE
- Original cataloging agency: OSt
- Transcribing agency: OSt
100 ## - HEADING--PERSONAL NAME
- Personal name: Holmes, Debbie; Moody, Peter; Dine, Diana
670 ## - SOURCE DATA FOUND
- Source citation: Work cat.: (OSt): Holmes, Debbie; Moody, Peter; Dine, Diana, Research methods for the Biosciences
